ZKM Gdynia - 29 - Statystyki

Ogólne statystyki
  • Ten quiz został rozwiązany 23 razy
  • Średni wynik to 19 z 23
Statystyki odpowiedzi
Przystanek Ulica % Poprawnych
Wielki Kack Fikakowo Gryfa Pomorskiego
100%
Gryfa Pomorskiego Gryfa Pomorskiego
94%
Karwiny PKM Wielkopolska
94%
Lipowa Gryfa Pomorskiego
94%
Łowicka Wielkopolska
94%
Myśliwska Chwaszczyńska
94%
Nałkowskiej Wielkopolska
94%
Lidzka Wielkopolska
88%
Źródło Marii Wielkopolska
88%
Zwycięstwa - Wielkopolska Aleja Zwycięstwa
88%
Harcerska Aleja Zwycięstwa
82%
Olgierda Wielkopolska
82%
Plac Górnośląski Wielkopolska
82%
Racławicka Wielkopolska
82%
Redłowo SKM - Park Technologiczny Aleja Zwycięstwa
76%
Urząd Miasta - Świętojańska Świętojańska
76%
3 Maja 10 Lutego
71%
Skwer Kościuszki - InfoBox Świętojańska
71%
Traugutta Świętojańska
71%
Żwirki i Wigury Świętojańska
71%
Gdynia Dworzec Gł. PKP Pl. Konstytucji
65%
10 Lutego - Skwer Kościuszki 10 Lutego
59%
Centrum Nauki Experyment Aleja Zwycięstwa
59%
Nie znaleziono quizów pasujących do podanych kryteriów
Rozkład punktacji
Procent ludzi z każdym wynikiem
Percentyl według liczby udzielonych odpowiedzi
Twoja historia wyników
Nie rozwiązałeś tego quizu